000 00449nam a2200145Ia 4500
008 230917s9999||||xx |||||||||||||| ||und||
040 _e201002
_aMAIN
041 _aEnglish
082 _a891.433721 GB959NP
100 _aगुप्त, भैरवप्रसाद
245 0 _aनयी पीढ़ी
260 _aइलाहाबाद
_bलोकभारती प्रकाशन
_c2010
300 _a148 पृ. p.
942 _cHN
999 _c169884
_d169884